00721naa a2200193 i 4500001000400000003000400004005001700008008003900025040000800064080001700072100014200089245009700231500004200328650001500370650002200385773009400407942001300501999001300514BPPBPK20180403134157.0150202s pl f |000 0 pol cBPK a597.2/.5(28) aHEESE, Tomasz.d1996 -.bPolitechnika Koszalińska - Wydział Budownictwa i Inżynierii Środowiska,cKatedra Biologii Środowiskowej aWpływ introdukcji egzotycznych gatunków ryb na biocenozy polskich jezior /cTomasz Heese. aDane z bibliografii załącznikowej. aBiocenoza. 0aJeziora - Polska. iW :tWpływ antropopresji na jeziora. -dPoznań - Bydgoszcz : Homini, 1997. -gs. 26-31 cART2UKD c809d809